Compendium of Tax Laws (Containing Bare Acts Only): (Record no. 611991)
[ view plain ]
| 000 -LEADER | |
|---|---|
| fixed length control field | 00586nam a22001217a 4500 |
| 082 ## - DEWEY DECIMAL CLASSIFICATION NUMBER | |
| Classification number | 343.052 |
| Author Mark | COM |
| 245 ## - TITLE STATEMENT | |
| Title | Compendium of Tax Laws (Containing Bare Acts Only): |
| Remainder of title | income tax ordinance, 2001; Income tax rules, 2002; sales tax act, 1990; sales tax rules, 2006; federal excise act, 2005; federal excise rules, 2005; important notifications, circulars, etc. / |
| Statement of responsibility, etc. | S.M. Salam & G.M. Publications |
| 260 ## - PUBLICATION, DISTRIBUTION, ETC. | |
| Place of publication, distribution, etc. | Islamabad : |
| Name of publisher, distributor, etc. | S.A. Salam & G.M. Publications, |
| Date of publication, distribution, etc. | 2024. |
| 300 ## - PHYSICAL DESCRIPTION | |
| Extent | 1176 p. ; |
| Dimensions | 24 cm. |
| 563 ## - BINDING INFORMATION | |
| Binding note | Hardcover. |
| 650 ## - SUBJECT ADDED ENTRY--TOPICAL TERM | |
| Topical term or geographic name entry element | Law, Compendium of Tax Laws |
| 942 ## - ADDED ENTRY ELEMENTS (KOHA) | |
| Source of classification or shelving scheme | |
| Koha item type | Book |
| 650 ## - SUBJECT ADDED ENTRY--TOPICAL TERM | |
| -- | 126281 |
| Withdrawn status | Lost status | Source of classification or shelving scheme | Damaged status | Not for loan | Permanent Location | Current Location | Shelving location | Date acquired | Source of acquisition | Total Checkouts | Full call number | Barcode | Checked out | Date last seen | Date last checked out | Price effective from | Koha item type |
|---|---|---|---|---|---|---|---|---|---|---|---|---|---|---|---|---|---|
| NUST Law School (NLS) | NUST Law School (NLS) | Law | 10/07/2024 | Golden Books Lahore | 2 | 343.052 COM | CL-1600 | 05/29/2026 | 04/29/2026 | 04/29/2026 | 10/07/2024 | Book |
